Europejskie znane miejsca - quiz na mapie - Statystyki

Ogólne statystyki
  • Ten quiz został rozwiązany 6 861 razy
  • Średni wynik to 15 z 24
Odpowiedzi na mapie
Odpowiedzi zakodowano w zielono-czerwonej skali na mapie do tego quizu, zgodnie z poniższymi procentami.
 
Statystyki odpowiedzi
Odpowiedź % Poprawnych
Wieża Eiffla
87%
Big Ben
82%
Zamek na Wawelu
81%
Akropol
79%
Brama Brandenburska
78%
Koloseum
72%
Camp Nou
70%
Mury Miejskie Dubrownik
69%
Stonehenge
69%
Krzywa Wieża w Pizie
67%
Loch Ness
65%
Most Karola
63%
Hagia Sophia
61%
Muzeum van Gogha
60%
Sognefjorden
60%
Wezuwiusz
60%
Sobór Wasyla Błogosławionego
58%
Pałac Zimowy
57%
Pałac Schönbrunn
56%
Lago di Garda
49%
Bláa Lónið
48%
Carcassonne
42%
Mała Syrenka
39%
Matterhorn
35%
Nie znaleziono quizów pasujących do podanych kryteriów
Rozkład punktacji
Procent ludzi z każdym wynikiem
Percentyl według liczby udzielonych odpowiedzi
Twoja historia wyników
Nie rozwiązałeś tego quizu